00461nam a2200145Ia 4500008004100000040001900041041001200060082003500072100002900107245007700136260003600213300001700249650002000266700002900286131103s9999 xx 000 0 und d aLoreto College aEnglish a891.443/CHAbLCLIB/BnSem/19075 aChatterjee, Saratchandra 4aThe BetrothedcSaratchandra Chatterjee; translated by Sachindralal Ghosh aCalcuttabSilpee Sangsthac1964 a158p c 22cm aBengali Fiction aGhosh, Sachindralal, tr.